000
00368nam a2200133Ia 4500
008
151001s9999||||xx |||||||||||||| ||und||
100
_a
उन्मेष
245
_a
सावित्रीबाई फुले
250
_a
1
260
_b
निर्मल प्रकाशन पुणे
260
_c
2004
300
_a
41
365
_b
21
999
_c
983111
_d
983108